00592nam a2200205 i 4500001000700000003000900007005001700016007000300033008004100036020001800077080002100095100003400116245007200150260002800222300002200250490001900272500004300291830001900334852003300353106779ES-MaACL20250917063044.0t|061222s1997 fr ||||1| fre d a2-277-30164-7 a821.133.1-31"18"1 aDaudet, Alphonse, d1840-189710aAventures prodigieuses de Tartarin de Tarascon / cAlphonse Daudet. aParis : bEJL, c[1997] a120 p. ; c21 cm.1 aLibrio ; v164 aBiblioteca Jacinto Martínez Lacalle.0 aLibrio ; v164 aES-MaACLjE-11459 bR.139488